[Event "23rd Pirc Memorial GM 2020"]
[Site "Maribor"]
[Date "2020.08.14"]
[Round "6.5"]
[White "Kozul, Zdenko"]
[Black "Marn, Jan"]
[Result "1-0"]
[WhiteElo "2597"]
[BlackElo "2360"]
[Annotator "TA"]
[PlyCount "39"]
[EventDate "2020.08.10"]
[EventType "tourn"]
[EventCountry "SLO"]
[SourceTitle "playchess.com"]
[Source "ChessBase"]
[SourceQuality "1"]

{[%evp 15,39,14,23,31,46,36,42,18,14,20,22,31,68,51,105,96,390,372,386,381,492,492,490,503,559,552]} 1. c4 e6 2. g3 d5 3. Bg2 Nf6 4. Nf3 c6 5. b3 Nbd7 {[%cal Bb8d7,Bd7c5,Bc5a6,Ba6c7][%mdl 32]} 6. O-O Be7 7. Bb2 O-O 8. d3 a5 {[%cal Ba7a5,Ba5a4,Ba4a3][%mdl 32]} 9. Nc3 {is the legacy move (9.a3). A14: English Opening: 1...e6 with b3 by White.} Nc5 10. Qc2 a4 11. b4 {[%cal Bb3b4,Bb4b5][%mdl 32] White is slightly better.} a3 12. Bc1 Na6 13. b5 {[#]} Nc7 $146 ({Predecessor:} 13... cxb5 14. Nxb5 Nc7 15. Rb1 Bd7 16. Nxc7 Qxc7 17. Bf4 Qc8 18. Ne5 Bc6 19. Rfc1 Rd8 {0-1 (30) Raicevic,M (2348)-Kostic,V (2427) Valjevo 2010}) 14. Rb1 $36 {[%mdl 2048] White has good play.} Nd7 (14... cxb5 $14 15. cxb5 (15. Nxb5 Nxb5 16. Rxb5 Bd7 $14) 15... Bd7) 15. Bf4 $16 f6 $2 {[%mdl 8192] [#]} (15... g5 $16 {was called for.}) 16. bxc6 $18 bxc6 17. Nd4 Ne5 18. Bxe5 $1 {White is clearly winning.} fxe5 19. Nxc6 {[%mdl 64] [#] Double Attack} Qd6 20. cxd5 {Black did not feel at home in the position after the opening. Accuracy: White = 100%, Black = 37%.} 1-0

[Event "23rd Pirc Memorial GM 2020"]
[Site "Maribor"]
[Date "2020.08.14"]
[Round "7.1"]
[White "Marn, Jan"]
[Black "Mohr, Georg"]
[Result "1-0"]
[WhiteElo "2360"]
[BlackElo "2434"]
[Annotator "ChessBase"]
[PlyCount "45"]
[EventDate "2020.08.10"]
[EventType "tourn"]
[EventCountry "SLO"]
[SourceTitle "playchess.com"]
[Source "ChessBase"]
[SourceQuality "1"]
[TimeControl "40/5400+30:1800+30"]

1. d4 {[%emt 0:00:00]} d6 {[%emt 0:00:00]} 2. c4 {[%emt 0:00:00]} g6 {[%emt 0:00:00]} 3. Nc3 {[%emt 0:00:20]} Bg7 {[%emt 0:00:00]} 4. e4 {[%emt 0:00:57]} c5 {[%emt 0:00:00]} 5. d5 {[%emt 0:00:10]} e6 {[%emt 0:00:44]} 6. Nf3 {[%emt 0:01:38]} exd5 {[%emt 0:06:49]} 7. cxd5 {[%emt 0:00:35]} Nf6 {[%emt 0:01:27]} 8. Be2 {[%emt 0:06:13]} O-O {[%emt 0:00:06]} 9. Be3 {[%emt 0:01:00]} b5 {[%emt 0:15:41]} 10. e5 {[%emt 0:04:49]} Ng4 {[%emt 0:20:49]} 11. Bg5 {[%emt 0:03:36]} Qb6 {[%emt 0:07:04]} 12. Be7 {[%emt 0:10:18]} Re8 {[%emt 0:09:58]} 13. exd6 {[%emt 0:00:18]} c4 {[%emt 0:01:56]} 14. O-O {[%emt 0:00:19]} Nd7 {[%emt 0:01:45]} 15. a4 {[%emt 0:10:07]} Ba6 {[%emt 0:07:02]} 16. axb5 {[%emt 0:02:15]} Bxb5 {[%emt 0:00:01]} 17. Nxb5 {[%emt 0:00:59]} Qxb5 {[%emt 0:00:06]} 18. Nd4 {[%emt 0:02:08]} Qxb2 {[%emt 0:04:14]} 19. Bxg4 {[%emt 0:00:39]} f5 {[%emt 0:00:05]} 20. Nxf5 {[%emt 0:03:53]} gxf5 {[%emt 0:02:08]} 21. Bxf5 {[%emt 0:00:42]} Nf6 {[%emt 0:00:06]} 22. Re1 {[%emt 0:05:28]} Kh8 {[%emt 0:00:13]} 23. Rb1 {[%emt 0:02:00]} 1-0

[Event "23rd Pirc Memorial GM 2020"]
[Site "Maribor"]
[Date "2020.08.14"]
[Round "7.2"]
[White "Morgunov, Marc"]
[Black "Kozul, Zdenko"]
[Result "0-1"]
[WhiteElo "2341"]
[BlackElo "2597"]
[Annotator "TA"]
[PlyCount "104"]
[EventDate "2020.08.10"]
[EventType "tourn"]
[EventCountry "SLO"]
[SourceTitle "playchess.com"]
[Source "ChessBase"]
[SourceQuality "1"]

{[%evp 12,104,29,22,22,12,12,19,10,12,16,6,14,9,12,2,18,20,14,-16,0,-12,37,0,0,-60,-51,-510,-516,-511,-405,-750,-688,-745,-774,-760,-742,-741,-770,-760,-736,-737,-401,-400,-390,-383,-210,-216,-224,-211,-217,-199,-204,-217,-208,-253,-233,-273,-197,-349,-265,-325,-287,-349,-371,-387,-376,-356,-353,-445,-450,-467,-448,-466,-464,-449,-439,-420,-435,-652,-652,-585,-628,-622,-620,-649,-642,-603,-616,-568,-516,-629,-629,-521,-491]} 1. e4 c5 2. Nf3 d6 3. Bb5+ Bd7 4. Bxd7+ Nxd7 5. O-O Ngf6 6. Qe2 e6 7. b3 {7.d4 is the modern continuation. Played by Jeffery Xiong in May 2020.} a6 {B50: Sicilian: 2...d6, Miscellaneous.} 8. Bb2 Rc8 9. c4 g6 {The position is equal.} 10. d4 cxd4 11. Nxd4 Bg7 12. Nc3 O-O 13. Rfd1 Qa5 14. Rac1 Rfe8 {[#]} 15. Qd2 $146 ({Predecessor:} 15. h3 Nh5 16. Qd2 Ne5 17. Rc2 Red8 18. Na4 Qc7 19. Qe3 Qa5 20. Bc3 Qc7 21. Bb2 Qa5 {½-½ (21) Saduakassova,D (2505)-Steingrimsson,H (2549) Selfoss 2019}) 15... Qh5 16. Nde2 Nc5 (16... Bh6 $5 {[%cal Rh6d2]} 17. Qxd6 Bxc1 18. Bxc1 Qa5 $11) 17. Ng3 Qh4 $36 {[%mdl 2048] Black has the initiative.} 18. f3 ({Better is} 18. Qe2 $11) 18... Bh6 $15 19. Qxd6 $2 {[%mdl 8192] This move loses the game for White.} (19. Qf2 $15) 19... Be3+ $19 20. Kf1 {Now Nce2 and White clings on.} Qxh2 {( -> ...Qg1+)} 21. Ke2 (21. Nce2 $142 Nh5 22. Bd4 Bxd4 {[%mdl 64] Overworked Piece} 23. Qxd4 Nxg3+ 24. Nxg3 Qxg3 25. b4) 21... Bxc1 22. Bxc1 Qxg2+ 23. Ke3 {[#]} Red8 $1 24. Qxd8+ Rxd8 25. Rxd8+ Kg7 26. Nce2 h5 {...h4 is the strong threat.} 27. Rd1 h4 28. Rg1 Qh2 (28... Qh3 $142 29. Rh1 Ng4+ $1 {[%mdl 512]} 30. fxg4 Qxg4) 29. Rh1 hxg3 30. Rxh2 gxh2 {[%mdl 4096] Endgame KBN-KNN} 31. Ng3 Nh5 32. Nh1 {[#]} e5 $1 33. b4 Ne6 34. c5 Nd4 35. a4 $2 (35. Bb2) 35... Nf4 {And now ...Nc2+ would win.} 36. Bd2 f6 37. Kf2 Nd3+ 38. Kg2 Kf7 39. Ng3 Ke6 40. Bc3 Nf4+ 41. Kxh2 {and the idea Bxd4 leaves White hopeful.} Nxf3+ 42. Kh1 Nd3 43. Kg2 Nd4 44. Kf1 Kd7 45. Bxd4 (45. Nh1 $142 Nc2 46. Nf2 Ncxb4 47. Bxb4 Nxb4 48. Ng4) 45... exd4 {KN-KN} 46. Ne2 Nxb4 47. Nxd4 Nd3 48. Nb3 Kc6 49. Na5+ Kc7 50. Nb3 Nb2 51. a5 Kc6 52. Ke2 Na4 {Accuracy: White = 50%, Black = 81%.} 0-1

[Event "23rd Pirc Memorial GM 2020"]
[Site "Maribor"]
[Date "2020.08.14"]
[Round "7.3"]
[White "Markoja, Boris"]
[Black "Lampert, Jonas"]
[Result "1/2-1/2"]
[WhiteElo "2440"]
[BlackElo "2531"]
[Annotator "ChessBase"]
[PlyCount "46"]
[EventDate "2020.08.10"]
[EventType "tourn"]
[EventCountry "SLO"]
[SourceTitle "playchess.com"]
[Source "ChessBase"]
[SourceQuality "1"]
[TimeControl "40/5400+30:1800+30"]

1. c4 {[%emt 0:00:00]} e6 {[%emt 0:00:00]} 2. Nf3 {[%emt 0:00:00]} d5 {[%emt 0:00:00]} 3. e3 {[%emt 0:00:00]} Nf6 {[%emt 0:00:04]} 4. b3 {[%emt 0:00:20]} Be7 {[%emt 0:00:13]} 5. Bb2 {[%emt 0:00:18]} O-O {[%emt 0:00:13]} 6. Nc3 {[%emt 0:00:23]} dxc4 {[%emt 0:00:46]} 7. bxc4 {[%emt 0:00:34]} b6 {[%emt 0:00:08]} 8. g3 {[%emt 0:07:33]} Bb7 {[%emt 0:00:09]} 9. Bg2 {[%emt 0:00:07]} c5 {[%emt 0:00:21]} 10. O-O {[%emt 0:01:09]} Nc6 {[%emt 0:00:38]} 11. Qe2 {[%emt 0:03:01]} a6 {[%emt 0:02:28]} 12. Rfd1 {[%emt 0:03:16]} Qc7 {[%emt 0:00:31]} 13. Rab1 {[%emt 0:02:44]} Rab8 {[%emt 0:03:56]} 14. Ba1 {[%emt 0:04:13]} Na5 {[%emt 0:00:59]} 15. d3 {[%emt 0:03:50]} Rfd8 {[%emt 0:00:26]} 16. Na4 {[%emt 0:06:25]} b5 {[%emt 0:10:34]} 17. Nb2 {[%emt 0:09:26]} b4 {[%emt 0:11:23]} 18. Rbc1 {[%emt 0:08:44]} e5 {[%emt 0:07:33]} 19. d4 {[%emt 0:07:55]} exd4 {[%emt 0:23:39]} 20. exd4 {[%emt 0:00:08]} Bxf3 {[%emt 0:06:16]} 21. Bxf3 {[%emt 0:00:06]} cxd4 {[%emt 0:01:24]} 22. Nd3 {[%emt 0:00:58]} b3 {[%emt 0:01:21]} 23. c5 {[%emt 0:07:59]} bxa2 {[%emt 0:00:41]} 1/2-1/2

[Event "23rd Pirc Memorial GM 2020"]
[Site "Maribor"]
[Date "2020.08.14"]
[Round "7.4"]
[White "Schwabeneder, Florian"]
[Black "Bratkovic, Sham"]
[Result "1-0"]
[WhiteElo "2431"]
[BlackElo "2236"]
[Annotator "TA"]
[PlyCount "79"]
[EventDate "2020.08.10"]
[EventType "tourn"]
[EventCountry "SLO"]
[SourceTitle "playchess.com"]
[Source "ChessBase"]
[SourceQuality "1"]

{[%evp 17,79,21,26,19,11,14,27,0,-5,-12,2,-9,-7,-5,-2,-16,-3,-19,-16,-21,-12,-76,-47,-66,-74,-62,-75,-62,-66,-45,-9,-19,-14,-30,18,18,40,10,10,9,59,0,36,0,0,-52,56,60,469,431,458,443,616,616,901,584,29989,29990,29990,29991,29996,29997,29997,29998]} 1. Nf3 d5 2. g3 Nf6 3. Bg2 c6 4. O-O Bg4 5. d3 Nbd7 6. Qe1 e5 7. e4 dxe4 8. dxe4 Bc5 9. Nbd2 {[%cal Bb1d2,Bd2f3,Bf3h4,Bh4f5][%mdl 32]} O-O 10. h3 {A07: Réti Opening: New York and Capablanca Systems.} Bxf3 11. Nxf3 {has lost popularity (11.Bxf3).} Re8 12. Nh4 {[#] White has an edge.} Nf8 $146 ({Predecessor:} 12... Nh5 13. Kh2 Nf4 14. Nf5 Nxg2 15. Kxg2 Nf8 16. Be3 Bxe3 17. Qxe3 Qb6 18. Qc3 Rad8 {½-½ (26) Trauth,M (2109)-Dittmar,P (2226) Arco 2018}) 13. Nf5 Ne6 14. b4 Bf8 15. Bb2 Qc7 16. Kh1 a5 17. a3 Nd7 18. c3 b5 19. Bc1 (19. Ne3 $11) 19... Nb6 20. Ne3 axb4 21. cxb4 Nd4 22. Rb1 c5 23. f4 Bd6 24. Qf2 cxb4 25. axb4 Ra4 26. fxe5 Bxe5 27. Nd5 (27. Ng4 $5 {[%cal Rg4e5]} f6 28. Be3 $11) 27... Nxd5 28. exd5 Bf6 29. Bf4 (29. Be3 $14 Qc4 30. Rfc1) 29... Qc4 30. Rbc1 Qxb4 {[#]} 31. d6 ({Better is} 31. Be5 $1 $11 {[%mdl 512]} Ra6 (31... Rxe5 32. Rc8+) 32. Rb1) 31... Ne6 {[#]} (31... h6 $15) 32. Be5 $1 $40 {[%mdl 640] And now Bd5 would win. Black needs to defend precisely.} Ra2 $2 {[%mdl 8192] Black cannot hold the game after this.} ({Black should play} 32... Rf8 $14 33. Bxf6 gxf6) (32... Bxe5 33. Qxf7+) 33. Qxa2 Bxe5 34. d7 Rd8 {[#]} 35. Rc8 $1 {Threatening mate with Qxe6!} Qe7 36. Re1 Bxg3 37. Rxd8+ {White mates.} Qxd8 38. Rxe6 fxe6 39. Qxe6+ Kf8 40. Bd5 {Accuracy: White = 68%, Black = 47%.} 1-0

[Event "23rd Pirc Memorial GM 2020"]
[Site "Maribor"]
[Date "2020.08.14"]
[Round "7.5"]
[White "Subelj, Jan"]
[Black "Mikhalchishin, Adrian"]
[Result "1/2-1/2"]
[WhiteElo "2408"]
[BlackElo "2458"]
[Annotator "ChessBase"]
[PlyCount "56"]
[EventDate "2020.08.10"]
[EventType "tourn"]
[EventCountry "SLO"]
[SourceTitle "playchess.com"]
[Source "ChessBase"]
[SourceQuality "1"]
[TimeControl "40/5400+30:1800+30"]

1. e4 {[%emt 0:00:00]} e5 {[%emt 0:00:00]} 2. Nf3 {[%emt 0:00:09]} Nf6 {[%emt 0:00:00]} 3. Nxe5 {[%emt 0:00:29]} d6 {[%emt 0:00:00]} 4. Nf3 {[%emt 0:00:26]} Nxe4 {[%emt 0:00:00]} 5. Qe2 {[%emt 0:03:35]} Qe7 {[%emt 0:01:11]} 6. d3 {[%emt 0:00:14]} Nf6 {[%emt 0:00:25]} 7. Bg5 {[%emt 0:00:17]} Nbd7 {[%emt 0:00:21]} 8. Nc3 {[%emt 0:01:17]} Qxe2+ {[%emt 0:00:27]} 9. Bxe2 {[%emt 0:00:09]} h6 {[%emt 0:00:09]} 10. Bh4 {[%emt 0:01:39]} c6 {[%emt 0:21:24]} 11. O-O-O {[%emt 0:03:32]} d5 {[%emt 0:11:43]} 12. Rhe1 {[%emt 0:01:53]} Bd6 {[%emt 0:04:10]} 13. Bf1+ {[%emt 0:06:21]} Kd8 {[%emt 0:07:49]} 14. d4 {[%emt 0:02:39]} Bf4+ {[%emt 0:03:25]} 15. Kb1 {[%emt 0:00:31]} g5 {[%emt 0:00:27]} 16. Bg3 {[%emt 0:01:30]} Bxg3 {[%emt 0:00:35]} 17. hxg3 {[%emt 0:05:10]} Ng4 {[%emt 0:01:16]} 18. Rd2 {[%emt 0:02:20]} Re8 {[%emt 0:00:57]} 19. b3 {[%emt 0:14:17]} Nf8 {[%emt 0:11:42]} 20. Na4 {[%emt 0:06:27]} Bf5 {[%emt 0:03:14]} 21. Rxe8+ {[%emt 0:00:46]} Kxe8 {[%emt 0:00:06]} 22. Nc5 {[%emt 0:00:16]} b6 {[%emt 0:02:46]} 23. Bd3 {[%emt 0:04:25]} Bxd3 {[%emt 0:06:26]} 24. Nxd3 {[%emt 0:00:07]} Ng6 {[%emt 0:00:19]} 25. Re2+ {[%emt 0:20:18]} Kd7 {[%emt 0:01:13]} 26. Nfe5+ {[%emt 0:01:03]} N4xe5 {[%emt 0:03:26]} 27. Nxe5+ {[%emt 0:00:10]} Nxe5 {[%emt 0:00:26]} 28. Rxe5 {[%emt 0:00:20]} f6 {[%emt 0:03:43]} 1/2-1/2

[Event "23rd Pirc Memorial GM 2020"]
[Site "Maribor"]
[Date "2020.08.15"]
[Round "8.1"]
[White "Mohr, Georg"]
[Black "Mikhalchishin, Adrian"]
[Result "1/2-1/2"]
[WhiteElo "2434"]
[BlackElo "2458"]
[Annotator "TA"]
[PlyCount "20"]
[EventDate "2020.08.10"]
[EventType "tourn"]
[EventCountry "SLO"]
[SourceTitle "playchess.com"]
[Source "ChessBase"]
[SourceQuality "1"]

{[%evp 9,20,25,91,70,95,100,148,124,130,123,135,138,169]} 1. e4 c5 2. Nf3 d6 3. d4 cxd4 4. Nxd4 Nf6 5. Nc3 Na6 (5... a6 $11 {remains equal.}) 6. f3 {[#] B56: Classical Sicilian: Unusual Lines.} e6 $146 ({Predecessor:} 6... Nc5 7. Be3 a6 8. Qd2 e6 9. O-O-O Be7 10. g4 Qc7 11. g5 Nh5 12. Kb1 g6 13. Nde2 b5 14. Ng3 Ng7 15. h4 Bb7 16. h5 O-O-O 17. Qd4 e5 {½-½ (17) Mohr,G (2480)-Mikhalchishin,A (2524) Podlehnik 2001}) 7. Be3 Be7 8. Qd2 O-O 9. O-O-O Nc5 10. g4 Qa5 {Black got outplayed after the opening} 1/2-1/2

[Event "23rd Pirc Memorial GM 2020"]
[Site "Maribor"]
[Date "2020.08.15"]
[Round "8.2"]
[White "Bratkovic, Sham"]
[Black "Subelj, Jan"]
[Result "1/2-1/2"]
[WhiteElo "2236"]
[BlackElo "2408"]
[Annotator "TA"]
[PlyCount "99"]
[EventDate "2020.08.10"]
[EventType "tourn"]
[EventCountry "SLO"]
[SourceTitle "playchess.com"]
[Source "ChessBase"]
[SourceQuality "1"]

{[%evp 14,99,27,0,0,0,0,0,0,0,0,-40,-29,-56,106,107,147,-4,-4,-4,-4,-4,-4,-4,-4,-3,-5,-3,-4,-6,-5,-8,0,0,7,7,10,0,8,0,0,0,0,0,0,0,0,0,0,-43,-28,-43,0,0,0,0,0,0,0,0,0,0,0,0,0,0,0,0,0,0,0,0,0,0,0,0,0,0,0,0,0,0,0,0,0,0,0,0]} 1. e4 e5 2. Nf3 Nc6 3. Bc4 Bc5 4. O-O Nf6 5. d3 d6 6. c3 h6 7. Nbd2 O-O 8. Bb3 a5 {C54: Giuoco Piano: 4 c3 Nf6, main lines with 5 d4 and 5 d3.} 9. Re1 Be6 10. h3 Bxb3 11. axb3 {[%cal Ba2b3,Bb3b4][%mdl 32]} d5 12. Qe2 Re8 13. Nf1 {[#]} Nh5 $146 {[#]} (13... Qd7 $15 {keeps the upper hand.}) ({Predecessor:} 13... Qd7 14. Nh4 Rad8 15. Qf3 dxe4 16. dxe4 Qd3 17. Be3 Qxe4 18. Bxc5 Qxh4 19. Ng3 Qg5 {½-½ (58) Kramnik,V (2792)-So,W (2778) Paris 2018}) 14. b4 $1 $16 {[%cal Rb4c5][%mdl 512]} dxe4 {[#]} (14... axb4 15. Rxa8) 15. Qxe4 $2 ({White must play} 15. N3h2 $1 $16) 15... axb4 $11 16. Rxa8 Qxa8 17. Qh4 $1 {[%cal Rh4h5] [#]} Nf4 $1 {[%mdl 512]} 18. Bxf4 exf4 19. Rxe8+ Qxe8 20. Qxf4 Qe2 21. d4 Bd6 22. Qd2 $132 {[%mdl 2048] White puts up resistance} Qe4 (22... Qa6 {with more complications.} 23. g3 b5 24. Qc2 Ne7 25. N1d2 Qa4) 23. Qe3 Qe6 24. Qxe6 fxe6 {[%mdl 4096] Endgame KBN-KNN} 25. N1d2 Kf7 26. Nc4 Ke7 27. Kf1 b5 28. Ne3 bxc3 29. bxc3 e5 30. Nf5+ Ke6 31. Nxd6 Kxd6 32. dxe5+ Nxe5 {KN-KN} 33. Nd4 {The position is equal.} c6 34. Ke2 g6 35. f4 Nf7 36. g4 Kd5 37. f5 gxf5 38. Nxf5 Ke4 39. Nd4 b4 40. Kd2 Ne5 41. Kc2 bxc3 42. Kxc3 Kf4 43. Nf5 h5 44. Ng7 h4 {And now ...Nxg4! would win.} 45. Nf5 Kg5 46. Kd4 Nxg4 47. Nxh4 Kxh4 48. hxg4 Kxg4 49. Kc5 Kg3 50. Kxc6 {Accuracy: White = 86%, Black = 88%.} 1/2-1/2

[Event "23rd Pirc Memorial GM 2020"]
[Site "Maribor"]
[Date "2020.08.15"]
[Round "8.5"]
[White "Marn, Jan"]
[Black "Morgunov, Marc"]
[Result "1/2-1/2"]
[WhiteElo "2360"]
[BlackElo "2341"]
[Annotator "TA"]
[PlyCount "123"]
[EventDate "2020.08.10"]
[EventType "tourn"]
[EventCountry "SLO"]
[SourceTitle "playchess.com"]
[Source "ChessBase"]
[SourceQuality "1"]

{[%evp 14,123,0,6,-2,-4,-3,-17,1,-20,0,0,4,0,6,9,18,13,7,8,17,4,19,12,83,45,61,62,96,37,49,57,74,35,112,45,85,17,32,16,18,2,19,19,8,23,0,0,0,-142,-148,-122,-15,-107,0,0,47,-29,-35,-95,0,0,0,0,0,0,0,0,0,0,0,0,0,8,18,0,0,0,0,0,0,0,-20,-14,0,0,0,-54,0,0,116,117,107,0,0,0,0,0,0,0,0,0,0,0,0,0,0,0,0,0,0,0]} 1. d4 Nf6 2. c4 e6 3. Nc3 Bb4 4. Qc2 O-O 5. a3 Bxc3+ 6. Qxc3 b6 7. Bg5 Bb7 8. f3 h6 {E32: Nimzo-Indian: Classical (4 Qc2): 4...0-0.} 9. Bxf6 Qxf6 10. e4 d6 11. Bd3 {[#]} e5 $146 ({Predecessor:} 11... c5 12. Ne2 Nd7 13. dxc5 Qh4+ 14. g3 Qh5 15. cxd6 Qxf3 16. O-O-O Rac8 17. b3 Nc5 {0-1 (42) Juer,J (2126)-Sales,J (2290) Rio de Janeiro 2014}) 12. d5 Nd7 13. Ne2 a5 14. b3 Qh4+ 15. Ng3 g6 16. O-O h5 17. Bc2 Qe7 18. b4 a4 (18... Ra7 $11) 19. Nh1 Qg5 20. Nf2 f5 21. exf5 (21. Nh3 $16 Qh6 22. exf5 gxf5 23. Rad1) 21... gxf5 $14 22. Nh3 Qf6 23. Rae1 Kh8 (23... f4 $14) 24. Kh1 (24. f4 $1 $16 {[%cal Rf4e5]} e4 25. Qe3) 24... Rg8 25. f4 ({White should try} 25. Qd3 $16) 25... e4 $11 26. Qd2 b5 27. Ng5 bxc4 28. Qe2 Rxg5 29. fxg5 Qxg5 30. Qxc4 Rg8 $36 {[%csl Gg8][%cal Rg5g2][%mdl 2048] Black is pushing.} 31. Rg1 {[#]} (31. Qd4+ $11 {keeps the balance.} Rg7 32. Rf2) 31... Nf6 $1 $17 32. Bd1 (32. Qxc7 Ng4) 32... Nxd5 (32... Bxd5 $17 33. Qd4 (33. Qxc7 e3 $17) 33... Kh7) 33. Qd4+ {[#]} (33. h3 $1 $11) 33... Rg7 (33... Nf6 $1 $17) 34. Qa7 $1 $11 {[%cal Ra7b7]} Bc8 (34... c5 $5 35. bxc5 Nc3 36. Qb8+ {[%mdl 64] Double Attack} (36. cxd6 $2 Nxd1 37. Qd4 e3 $19) 36... Kh7 37. Qxd6 e3 $15) 35. Qa8 ({Better is} 35. Qxa4 $14 Kh7 36. Be2) 35... Nb6 36. Qc6 (36. Qb8 $15) 36... Qg6 ({Black should play} 36... Kh7 $17) 37. Re3 f4 38. Rxe4 Bd7 39. Qb7 Bc8 40. Qc6 {And now Re8+ would win.} Bd7 41. Qc2 Bf5 42. Re8+ Qxe8 43. Qxf5 {[%mdl 64] Double Attack} Qf7 $1 {[%cal Rf7f5]} 44. Qh3 Rg5 45. Qh4 Qf5 46. Re1 Nd5 47. Bf3 Ne3 48. Rc1 d5 49. Qe1 Qe5 50. b5 (50. Qe2 $11) 50... d4 (50... Qb2 $1 $15 51. Rb1 Qxa3) 51. Qb4 {Black must now prevent Qf8+.} Rg7 (51... Nf5 $11) 52. Rc5 $16 Qf6 {White should prevent ...d3.} 53. Rxh5+ (53. Qxa4 $16 Re7 54. Qa8+ (54. Rxh5+ Kg7 $14) 54... Kg7 55. Rxh5) 53... Rh7 $11 {The position is equal.} 54. Rxh7+ ({Reject} 54. Qxa4 Rxh5 55. Bxh5 d3 $17) 54... Kxh7 55. Be4+ Kg7 {Hoping for ...d3!} 56. Qc5 d3 57. Qxc7+ Kf8 58. Qc8+ Ke7 59. Qc7+ Kf8 $1 60. Qc5+ Kg7 {( -> ...Qa1+)} 61. Qa7+ Kf8 {[%cal Rf6a1]} 62. Qb8+ {Accuracy: White = 71%, Black = 75%.} 1/2-1/2

[Event "23rd Pirc Memorial GM 2020"]
[Site "Maribor"]
[Date "2020.08.16"]
[Round "9.1"]
[White "Morgunov, Marc"]
[Black "Mohr, Georg"]
[Result "1/2-1/2"]
[WhiteElo "2341"]
[BlackElo "2434"]
[Annotator "ChessBase"]
[PlyCount "68"]
[EventDate "2020.08.10"]
[EventType "tourn"]
[EventCountry "SLO"]
[SourceTitle "playchess.com"]
[Source "ChessBase"]
[SourceQuality "1"]
[TimeControl "40/5400+30:1800+30"]

1. e4 {[%emt 0:00:00]} e6 {[%emt 0:00:00]} 2. d4 {[%emt 0:00:14]} d5 {[%emt 0:00:00]} 3. Nd2 {[%emt 0:00:09]} c5 {[%emt 0:00:00]} 4. Ngf3 {[%emt 0:00:38]} cxd4 {[%emt 0:03:33]} 5. Nxd4 {[%emt 0:00:18]} Nc6 {[%emt 0:01:40]} 6. Bb5 {[%emt 0:00:07]} Bd7 {[%emt 0:01:50]} 7. Nxc6 {[%emt 0:00:12]} Bxc6 {[%emt 0:00:42]} 8. Bxc6+ {[%emt 0:06:49]} bxc6 {[%emt 0:00:02]} 9. O-O {[%emt 0:00:27]} Nf6 {[%emt 0:01:07]} 10. Qe2 {[%emt 0:03:37]} Be7 {[%emt 0:00:49]} 11. b3 {[%emt 0:20:15]} O-O {[%emt 0:01:13]} 12. Bb2 {[%emt 0:00:16]} a5 {[%emt 0:04:41]} 13. e5 {[%emt 0:13:20]} Nd7 {[%emt 0:02:26]} 14. a4 {[%emt 0:00:29]} Qb6 {[%emt 0:16:36]} 15. Kh1 {[%emt 0:14:30]} Qa6 {[%emt 0:03:11]} 16. Qd1 {[%emt 0:08:12]} Rae8 {[%emt 0:08:43]} 17. f4 {[%emt 0:02:42]} f6 {[%emt 0:00:22]} 18. exf6 {[%emt 0:01:15]} Bxf6 {[%emt 0:00:28]} 19. Bxf6 {[%emt 0:00:07]} Nxf6 {[%emt 0:05:04]} 20. Nf3 {[%emt 0:08:39]} Nd7 {[%emt 0:02:39]} 21. Nd4 {[%emt 0:07:00]} e5 {[%emt 0:11:31]} 22. fxe5 {[%emt 0:00:27]} Nxe5 {[%emt 0:00:24]} 23. Rxf8+ {[%emt 0:03:20]} Rxf8 {[%emt 0:00:10]} 24. c4 {[%emt 0:00:34]} c5 {[%emt 0:02:31]} 25. Nf3 {[%emt 0:00:26]} Qd6 {[%emt 0:12:08]} 26. Nxe5 {[%emt 0:02:23]} Qxe5 {[%emt 0:00:06]} 27. Qxd5+ {[%emt 0:00:25]} Qxd5 {[%emt 0:00:05]} 28. cxd5 {[%emt 0:00:03]} Rb8 {[%emt 0:04:20]} 29. Kg1 {[%emt 0:04:45]} Rxb3 {[%emt 0:00:39]} 30. Rc1 {[%emt 0:00:10]} Rb4 {[%emt 0:00:28]} 31. Rxc5 {[%emt 0:00:04]} Rxa4 {[%emt 0:00:08]} 32. Rc8+ {[%emt 0:00:39]} Kf7 {[%emt 0:00:13]} 33. Rc7+ {[%emt 0:00:04]} Kf6 {[%emt 0:00:16]} 34. d6 {[%emt 0:00:23]} Rd4 {[%emt 0:05:32]} 1/2-1/2